<?xml version="1.0" encoding="UTF-8"?>
<record
    xmlns:xsi="http://www.w3.org/2001/XMLSchema-instance"
    xsi:schemaLocation="http://www.loc.gov/MARC21/slim http://www.loc.gov/standards/marcxml/schema/MARC21slim.xsd"
    xmlns="http://www.loc.gov/MARC21/slim">

  <leader>01064nam2a22002411  4500</leader>
  <controlfield tag="001">rc\4199653</controlfield>
  <controlfield tag="005">20250611131027.0</controlfield>
  <datafield tag="035" ind1=" " ind2=" ">
    <subfield code="a">(NLR Aleph) 008202105</subfield>
  </datafield>
  <datafield tag="090" ind1=" " ind2=" ">
    <subfield code="a">8043444</subfield>
    <subfield code="c">8043444</subfield>
  </datafield>
  <datafield tag="100" ind1=" " ind2=" ">
    <subfield code="a">20130415d1947    |||y0rusy50      ca</subfield>
  </datafield>
  <datafield tag="101" ind1="0" ind2=" ">
    <subfield code="a">rus</subfield>
  </datafield>
  <datafield tag="102" ind1=" " ind2=" ">
    <subfield code="a">RU</subfield>
  </datafield>
  <datafield tag="105" ind1=" " ind2=" ">
    <subfield code="a">y   z   |||||</subfield>
  </datafield>
  <datafield tag="200" ind1="0" ind2=" ">
    <subfield code="a">&#x422;. 1. &#x427;. 1-4</subfield>
    <subfield code="e">&#x427;. 1-4</subfield>
  </datafield>
  <datafield tag="210" ind1=" " ind2=" ">
    <subfield code="a">&#x41C;&#x43E;&#x441;&#x43A;&#x432;&#x430;</subfield>
    <subfield code="c">&#x413;&#x43E;&#x441;&#x43B;&#x438;&#x442;&#x438;&#x437;&#x434;&#x430;&#x442;</subfield>
    <subfield code="d">1947</subfield>
    <subfield code="g">&#x41E;&#x431;&#x440;&#x430;&#x437;&#x446;&#x43E;&#x432;&#x430;&#x44F; &#x442;&#x438;&#x43F;.</subfield>
    <subfield code="g">&#x442;&#x438;&#x43F;. &#x41C;-121 [&#x438; &#x434;&#x440;.]</subfield>
  </datafield>
  <datafield tag="215" ind1=" " ind2=" ">
    <subfield code="a">576 &#x441;.</subfield>
  </datafield>
  <datafield tag="461" ind1=" " ind2="0">
    <subfield code="1">001rc\4199652</subfield>
    <subfield code="1">2001#$a&#x410;&#x43D;&#x43D;&#x430; &#x41A;&#x430;&#x440;&#x435;&#x43D;&#x438;&#x43D;&#x430;$e&#x420;&#x43E;&#x43C;&#x430;&#x43D; &#x432; 8 &#x447;&#x430;&#x441;&#x442;&#x44F;&#x445;$f&#x420;&#x435;&#x434;. &#x41D;.&#x41A;. &#x413;&#x443;&#x434;&#x437;&#x438;&#x44F;. &#x422;. 1-2$v&#x422;. 1. &#x427;. 1-4</subfield>
    <subfield code="1">700#1$a&#x422;&#x43E;&#x43B;&#x441;&#x442;&#x43E;&#x439;$b&#x41B;. &#x41D;.$g&#x41B;&#x435;&#x432; &#x41D;&#x438;&#x43A;&#x43E;&#x43B;&#x430;&#x435;&#x432;&#x438;&#x447;$f1828-1910$3RU\NLR\AUTH\771515</subfield>
    <subfield code="9">8043439</subfield>
    <subfield code="a">&#x422;&#x43E;&#x43B;&#x441;&#x442;&#x43E;&#x439;, &#x41B;. &#x41D;. (1828-1910)</subfield>
    <subfield code="c">&#x41C;&#x43E;&#x441;&#x43A;&#x432;&#x430;</subfield>
    <subfield code="d">1947</subfield>
    <subfield code="f">&#x420;&#x435;&#x434;. &#x41D;.&#x41A;. &#x413;&#x443;&#x434;&#x437;&#x438;&#x44F;. &#x422;. 1-2</subfield>
    <subfield code="n">&#x413;&#x43E;&#x441;&#x43B;&#x438;&#x442;&#x438;&#x437;&#x434;&#x430;&#x442;</subfield>
    <subfield code="o">&#x420;&#x43E;&#x43C;&#x430;&#x43D; &#x432; 8 &#x447;&#x430;&#x441;&#x442;&#x44F;&#x445;</subfield>
    <subfield code="p">2 &#x442;.</subfield>
    <subfield code="t">&#x410;&#x43D;&#x43D;&#x430; &#x41A;&#x430;&#x440;&#x435;&#x43D;&#x438;&#x43D;&#x430;</subfield>
    <subfield code="v">&#x422;. 1. &#x427;. 1-4</subfield>
  </datafield>
  <datafield tag="801" ind1=" " ind2="0">
    <subfield code="a">RU</subfield>
    <subfield code="b">NLR</subfield>
    <subfield code="g">psbo</subfield>
  </datafield>
  <datafield tag="801" ind1=" " ind2="1">
    <subfield code="a">RU</subfield>
    <subfield code="b">ELAR</subfield>
    <subfield code="2">rusmarc</subfield>
  </datafield>
  <datafield tag="852" ind1=" " ind2=" ">
    <subfield code="a">NLR</subfield>
    <subfield code="j">&#x41B;30 &#x413;-1/710</subfield>
  </datafield>
  <datafield tag="942" ind1=" " ind2=" ">
    <subfield code="c">BOOK</subfield>
  </datafield>
  <datafield tag="980" ind1=" " ind2=" ">
    <subfield code="a">NB</subfield>
  </datafield>
  <datafield tag="995" ind1=" " ind2=" ">
    <subfield code="5">2013-10-26</subfield>
    <subfield code="b">NLR02</subfield>
    <subfield code="c">NLR02</subfield>
    <subfield code="e">RFS</subfield>
    <subfield code="f">8202105-10</subfield>
    <subfield code="k">&#x41B;30 &#x413;-1/710</subfield>
    <subfield code="o">0</subfield>
    <subfield code="r">BOOK</subfield>
    <subfield code="s">30_1710</subfield>
  </datafield>
</record>
